|
|
|
|
| LEADER |
00000cam a2200000 7i4500 |
| 001 |
0000004565 |
| 005 |
20130226.0 |
| 020 |
|
|
|a 9839986325
|
| 090 |
0 |
0 |
|a 297
|b MAH
|
| 100 |
0 |
|
|a Mahathir bin Mohamad
|c 1925
|f Tun Dr.
|
| 245 |
1 |
0 |
|a Perspectives on Islam and the future of Muslims
|c Dato'Seri Dr Mahathir bin Mohamad
|
| 260 |
|
|
|a Kuala Lumpur :
|b Institute of IslamicUnderstanding ,
|c 1993
|
| 300 |
|
|
|a 23p. ;
|c 25cm.
|
| 500 |
|
|
|a Koleksi Perdana Menteri Malaysia Aras 3
|
| 650 |
0 |
0 |
|a Islamic values and principles
|
| 999 |
|
|
|a 034649
|b BUKU
|c MALAYSIANA
|e PERPUSTAKAAN KOMUNITI PETALING JAYA
|
| 999 |
|
|
|a 034650
|b BUKU
|c MALAYSIANA
|e PERPUSTAKAAN KOMUNITI PETALING JAYA
|
| 999 |
|
|
|a 040913
|b BUKU
|c MALAYSIANA
|e PERPUSTAKAAN KOMUNITI PETALING JAYA
|
| 999 |
|
|
|a 044309
|b BUKU
|c MALAYSIANA
|e PERPUSTAKAAN KOMUNITI PETALING JAYA
|